000
00287nam a22001337a 4500
020
_a
978-1-4273-8951-0
082
_a
823
_b
PAR/B
100
_a
PARRAGON BOOKS
245
_a
BARBIE
260
_a
UK
_b
PARRAGON BOOKS
_c
2015
300
_a
23
650
_a
ENGLISH SHORT STORY
_z
UK
942
_c
BK
999
_c
3325
_d
3325